|
|
|
|
| LEADER |
00000cam a22000004a 4500 |
| 001 |
musev2_24014 |
| 003 |
MdBmJHUP |
| 005 |
20230905042545.0 |
| 006 |
m o d |
| 007 |
cr||||||||nn|n |
| 008 |
080624t20062006ncu o 00 0 eng d |
| 020 |
|
|
|a 9781469606088
|
| 020 |
|
|
|z 9780807830543
|
| 020 |
|
|
|z 9780807857717
|
| 020 |
|
|
|z 9780807877449
|
| 035 |
|
|
|a (OCoLC)232568160
|
| 040 |
|
|
|a MdBmJHUP
|c MdBmJHUP
|
| 100 |
1 |
|
|a Curtis, Edward E.,
|c IV,
|d 1970-
|e author.
|
| 245 |
1 |
0 |
|a Black Muslim Religion in the Nation of Islam, 1960-1975 /
|c Edward E. Curtis IV.
|
| 264 |
|
1 |
|a Chapel Hill :
|b The University of North Carolina Press,
|c [2006]
|
| 264 |
|
3 |
|a Baltimore, Md. :
|b Project MUSE,
|c 2014
|
| 264 |
|
4 |
|c ©[2006]
|
| 300 |
|
|
|a 1 online resource (256 pages):
|b illustrations
|
| 336 |
|
|
|a text
|b txt
|2 rdacontent
|
| 337 |
|
|
|a computer
|b c
|2 rdamedia
|
| 338 |
|
|
|a online resource
|b cr
|2 rdacarrier
|
| 490 |
0 |
|
|a HeinOnline civil rights and social justice
|
| 490 |
0 |
|
|a HeinOnline religion and the law
|
| 490 |
0 |
|
|a HeinOnline UNC Press law publications
|
| 505 |
0 |
|
|a What Islam has done for me : finding religion in the Nation of Islam -- Making a Muslim messenger : defending the Islamic legitimacy of Elijah Muhammad -- Black Muslim history narratives : orienting the Nation of Islam in Muslim time and space -- The ethics of the Black Muslim body -- Rituals of control and liberation -- Conclusion : becoming Muslim Again.
|
| 520 |
|
|
|a Offers the comprehensive examination of the rituals, ethics, theologies, and religious narratives of the Nation of Islam, showing how the movement combined elements of Afro-Eurasian Islamic traditions with African American traditions to create a new form of Islamic faith.
|
| 546 |
|
|
|a English.
|
| 588 |
|
|
|a Description based on print version record.
|
| 610 |
2 |
7 |
|a Nation of Islam (Chicago, Ill.)
|2 fast
|0 (OCoLC)fst00705883
|
| 610 |
2 |
0 |
|a Nation of Islam (Chicago, Ill.)
|x History.
|
| 650 |
|
7 |
|a Black nationalism.
|2 fast
|0 (OCoLC)fst00833733
|
| 650 |
|
7 |
|a Black Muslims.
|2 fast
|0 (OCoLC)fst00833633
|
| 650 |
|
7 |
|a African American Muslims.
|2 fast
|0 (OCoLC)fst00798985
|
| 650 |
|
7 |
|a RELIGION
|x Islam
|x General.
|2 bisacsh
|
| 650 |
|
6 |
|a Nationalisme noir
|z États-Unis
|x Histoire
|y 20e siecle.
|
| 650 |
|
6 |
|a Musulmans noirs americains
|x Histoire
|y 20e siecle.
|
| 650 |
|
6 |
|a Black Muslims
|x Histoire
|y 20e siecle.
|
| 650 |
|
0 |
|a Black nationalism
|z United States
|x History
|y 20th century.
|
| 650 |
|
0 |
|a African American Muslims
|x History
|y 20th century.
|
| 650 |
|
0 |
|a Black Muslims
|x History
|y 20th century.
|
| 651 |
|
7 |
|a United States.
|2 fast
|0 (OCoLC)fst01204155
|
| 655 |
|
7 |
|a History.
|2 fast
|0 (OCoLC)fst01411628
|
| 655 |
|
7 |
|a Electronic books.
|2 local
|
| 710 |
2 |
|
|a Project Muse.
|e distributor
|
| 830 |
|
0 |
|a Book collections on Project MUSE.
|
| 856 |
4 |
0 |
|z Texto completo
|u https://projectmuse.uam.elogim.com/book/24014/
|
| 945 |
|
|
|a Project MUSE - Custom Collection
|
| 945 |
|
|
|a Project MUSE - Archive Complete Supplement II
|
| 945 |
|
|
|a Project MUSE - Archive History Supplement II
|